<?xml version="1.0" encoding="UTF-8"?>
<record
    xmlns:xsi="http://www.w3.org/2001/XMLSchema-instance"
    xsi:schemaLocation="http://www.loc.gov/MARC21/slim http://www.loc.gov/standards/marcxml/schema/MARC21slim.xsd"
    xmlns="http://www.loc.gov/MARC21/slim">

  <leader>03555nam a2200277 a 4500</leader>
  <controlfield tag="001">114173</controlfield>
  <controlfield tag="003">DR-UNIBE</controlfield>
  <controlfield tag="005">20251022062603.0</controlfield>
  <controlfield tag="007">cr nn 008mamaa</controlfield>
  <controlfield tag="008">251021s2025    sp l    s      00001spa   </controlfield>
  <datafield tag="020" ind1=" " ind2=" ">
    <subfield code="a">9788410709058</subfield>
  </datafield>
  <datafield tag="020" ind1=" " ind2=" ">
    <subfield code="a">9791370060930 (electr&#xF3;nico).</subfield>
  </datafield>
  <datafield tag="040" ind1=" " ind2=" ">
    <subfield code="a">BIBLIOTECA UNIBE</subfield>
    <subfield code="c">BIBLIOTECA UNIBE</subfield>
    <subfield code="e">rda</subfield>
  </datafield>
  <datafield tag="041" ind1=" " ind2=" ">
    <subfield code="a">spa</subfield>
  </datafield>
  <datafield tag="100" ind1=" " ind2=" ">
    <subfield code="a">D&#xED;az Barrado, C&#xE1;stor Miguel</subfield>
    <subfield code="e">autor</subfield>
    <subfield code="9">195469</subfield>
  </datafield>
  <datafield tag="245" ind1="1" ind2="3">
    <subfield code="a">La contribuci&#xF3;n de Am&#xE9;rica al derecho internacional : </subfield>
    <subfield code="b">una perspectiva hist&#xF3;rica y actual</subfield>
  </datafield>
  <datafield tag="260" ind1=" " ind2=" ">
    <subfield code="a">Madrid :</subfield>
    <subfield code="b">Editorial Dykinson, </subfield>
    <subfield code="c">2025</subfield>
  </datafield>
  <datafield tag="300" ind1=" " ind2=" ">
    <subfield code="a">221 p&#xE1;ginas </subfield>
  </datafield>
  <datafield tag="500" ind1=" " ind2=" ">
    <subfield code="a">Recurso en l&#xED;nea:
Disponible para miembros de UNIBE a trav&#xE9;s del portal web del CRAI: https://www.unibe.edu.do/biblioteca/libros-electronicos/</subfield>
  </datafield>
  <datafield tag="520" ind1=" " ind2="3">
    <subfield code="a">Los pa&#xED;ses de las Am&#xE9;ricas han participado y contribuido de manera notable en la plena conformaci&#xF3;n del actual Derecho Internacional. La huella de las singularidades y peculiaridades americanas se ha plasmado en numerosas normas e instituciones de este ordenamiento jur&#xED;dico, en especial, la presencia americana est&#xE1; entreverada en los principios estructurales del orden internacional. Ser&#xED;a equivocado exagerar para esgrimir la satisfactoria conclusi&#xF3;n de que las Am&#xE9;ricas han construido un sistema jur&#xED;dico propio, singular, aut&#xF3;nomo y completo. Desde luego, no es as&#xED;. Pero el sentir pol&#xED;tico y el alma jur&#xED;dica de las Am&#xE9;ricas integran, con naturalidad, normas e institutos del Derecho Internacional Contempor&#xE1;neo. Las contribuciones que han realizado los Estados de la regi&#xF3;n a principios y normas internacionales son amplias y variadas y, adem&#xE1;s, es bastante habitual que las Am&#xE9;ricas se hayan apropiado siempre de posiciones de vanguardia. De manera precoz, los pa&#xED;ses americanos han insistido en la necesidad de consagrar determinados principios esenciales del orden internacional y siguen abriendo el debate y la discusi&#xF3;n en campos normativos en los que la adormecida comunidad internacional abriga actitudes tibias y dubitativas. La importancia del Derecho en el discurso y en los postulados americanos est&#xE1; fuera de toda duda, as&#xED; como el asentado criterio de que la solidaridad continental es la que encarna el fundamento de los avances normativos en la regi&#xF3;n. El "Derecho Internacional Americano" sigue teniendo vigencia y vitalidad en la medida en que exhibe la perspectiva estrictamente americana del sistema jur&#xED;dico internacional y, tambi&#xE9;n, por su demostrada y reconocida capacidad de abordar nuevos &#xE1;mbitos, reservados a la pol&#xED;tica internacional, para arrastrarlos al campo jur&#xED;dico. La desorbitada fragmentaci&#xF3;n pol&#xED;tica, econ&#xF3;mica e institucional que habita en la actualidad en el continente americano es la que condiciona, sobremanera, los logros m&#xE1;s significados en la conformaci&#xF3;n de un Derecho peculiar y, sobre todo, en la proyecci&#xF3;n de las tesis jur&#xED;dicas americanas al plano universal. Pero, as&#xED; y todo, la realidad jur&#xED;dica americana pervive con la presencia de una visi&#xF3;n continental o hemisf&#xE9;rica, teniendo asegurada su continuidad porque los enfoques de las Am&#xE9;ricas, y en particular de los pa&#xED;ses latinoamericanos, se sustentan en dos nociones b&#xE1;sicas e imprescindibles para el Derecho Internacional: el universalismo y el humanismo.</subfield>
  </datafield>
  <datafield tag="650" ind1=" " ind2="7">
    <subfield code="2">lemb</subfield>
    <subfield code="a">Derecho internacional</subfield>
  </datafield>
  <datafield tag="650" ind1=" " ind2="7">
    <subfield code="2">lemb</subfield>
    <subfield code="a">Cooperaci&#xF3;n internacional</subfield>
  </datafield>
  <datafield tag="655" ind1=" " ind2="4">
    <subfield code="a">Recurso electr&#xF3;nico</subfield>
    <subfield code="9">42681</subfield>
  </datafield>
  <datafield tag="856" ind1=" " ind2=" ">
    <subfield code="u"> https://ebookcentral.proquest.com/lib/unibedr/detail.action?docID=31993207</subfield>
  </datafield>
  <datafield tag="942" ind1=" " ind2=" ">
    <subfield code="2">ddc</subfield>
    <subfield code="c">EB</subfield>
  </datafield>
  <datafield tag="999" ind1=" " ind2=" ">
    <subfield code="c">114173</subfield>
    <subfield code="d">114173</subfield>
  </datafield>
  <datafield tag="952" ind1=" " ind2=" ">
    <subfield code="0">0</subfield>
    <subfield code="1">0</subfield>
    <subfield code="2">ddc</subfield>
    <subfield code="7">0</subfield>
    <subfield code="8">eTEXT</subfield>
    <subfield code="a">Principal</subfield>
    <subfield code="d">2025-10-21</subfield>
    <subfield code="l">0</subfield>
    <subfield code="p">EB0521</subfield>
    <subfield code="r">2025-10-21 15:10:28</subfield>
    <subfield code="t">copias ilimitadas</subfield>
    <subfield code="w">2025-10-21</subfield>
    <subfield code="y">EB</subfield>
  </datafield>
</record>
